Ferromagnetic resonance (Record no. 30856)

MARC details
000 -LEADER
fixed length control field 00945cam a22002291 4500
001 - CONTROL NUMBER
control field he 65000041
003 - CONTROL NUMBER IDENTIFIER
control field DLC
005 - DATE AND TIME OF LATEST TRANSACTION
control field 20260227111427.0
008 - FIXED-LENGTH DATA ELEMENTS--GENERAL INFORMATION
fixed length control field 830408s1964 dcua b 000 0 eng
010 ## - LIBRARY OF CONGRESS CONTROL NUMBER
LC control number he 65000041
035 ## - SYSTEM CONTROL NUMBER
System control number (OCoLC)9390862
040 ## - CATALOGING SOURCE
Original cataloging agency DLC
Transcribing agency CNoS
Modifying agency DLC
041 1# - LANGUAGE CODE
Language code of text/sound track or separate title eng
Language code of original rus
042 ## - AUTHENTICATION CODE
Authentication code premarc
050 00 - LIBRARY OF CONGRESS CALL NUMBER
Classification number QC761
Item number .V6413
100 1# - MAIN ENTRY--PERSONAL NAME
Personal name Vonsovskiĭ, S. V.
Fuller form of name (Sergeĭ Vasilʹevich)
245 10 - TITLE STATEMENT
Title Ferromagnetic resonance
Remainder of title (Ferromagnitnyi rezonans); the phenomenon of resonance absorption of HF electromagnetic field energy in ferromagnetic materials.
Statement of responsibility, etc. S.V. Vonsovskiĭ, editor. Translated from Russian [by Z. Lerman; edited by L.A. Levin]
260 ## - PUBLICATION, DISTRIBUTION, ETC.
Place of publication, distribution, etc. Jerusalem,
Name of publisher, distributor, etc. Israel Program for Scientific Translations; [available from the Office of Technical Services, U.S. Dept. of Commerce, Washington]
Date of publication, distribution, etc. 1964.
300 ## - PHYSICAL DESCRIPTION
Extent x, 228 p.
Other physical details illus.
Dimensions 24 cm.
504 ## - BIBLIOGRAPHY, ETC. NOTE
Bibliography, etc. note Includes bibliographies.
650 #0 - SUBJECT ADDED ENTRY--TOPICAL TERM
Topical term or geographic name entry element Ferromagnetism.

No items available.

Powered by Koha